LIBRARY & INFORMATION CENTRE, KCAET, TAVANUR

ONLINE PUBLIC ACCESS CATALOGUE (OPAC)

Handbook for lathe operators and foreman / (Record no. 7090)

MARC details
000 -LEADER
fixed length control field 00408cam a2200157ua 4500
041 ## - LANGUAGE CODE
Language code of text/sound track or separate title eng
082 ## - DEWEY DECIMAL CLASSIFICATION NUMBER
Classification number 028.71621
Item number FOM/HA
100 ## - MAIN ENTRY--AUTHOR NAME
Personal name Fomin, S .
245 ## - TITLE STATEMENT
Title Handbook for lathe operators and foreman /
250 ## - EDITION STATEMENT
Edition statement 1 /
260 ## - PUBLICATION, DISTRIBUTION, ETC. (IMPRINT)
Place of publication Moscow :
Name of publisher Foreign Language Publishing House ,
Year of publication 1954.
300 ## - PHYSICAL DESCRIPTION
Number of Pages 265 ; .
942 ## - ADDED ENTRY ELEMENTS (KOHA)
Koha item type Books
Holdings
Withdrawn status Lost status Damaged status Home library Current library Date acquired Full call number Accession Number Koha item type Public note
Withdrawn     KAUAET KAUAET 07/04/2012 028.71621 1853 Books Deleted
free website counter